Riconosci il Pokémon - Quiz n°169 - Statistics

Statistiche generali
  • Questo quiz è stato fatto 2 volte
  • Il punteggio medio è 6 su 10
Statistiche sulle risposte
Indizio Risposta % Corretto
Tipo Normale / Volante
100%
Generazione Prima
100%
Altezza 1,4 m
50%
Tasso di cattura 190 (35.2%)
50%
Peso 39,2 kg
50%
Sesso 50% ♂, 50% ♀
50%
Pokémon Doduo
50%
Stadio evoluzione Forma Base
50%
Abilità Fugafacile; Sveglialampo; Intricopiedi
50%
Tasso di allevamento Medio-Veloce
50%
Nessun quiz corrispondente trovato
Distribuzione punteggi
Percentuale di utenti per punteggio
Percentile per numero di risposta
I tuoi punteggi nel tempo
Non hai fatto questo quiz